1011 1753 1866 1968 1651 1076 1921 1046 1865 1400 1143 1868 1532 1892 1287 1948 1066 1392 1286 1208 1916 1483 1424 1317 1600 1814 1766 1424 1763 1258 1989 1349 1907 1988 1100 1129 1481 1851 1142 1192 1885 1485 1687 1947 1224 1500 1411 1268 1590 1510 1452 1706 1252 1838 1725 1136 1035 1259 1531 1172 1411 1969 1521 1139 1493 1801 1288 1878 1063 1935 1745 1396 1693 1503 1862 1979 1346 1093 1184 1978 1882 1621 1284 1710 1213 1135 1716 1739 1187 1632 1917 1320 1558 1130 1647 1418 1886 1699 1538 BCNSPRNW ULIB Ver.6.0+V

เปลี่ยนเป็นภาษาไทย

Change to English
 แสดงรายละเอียดบรรณานุกรม
  กลับหน้าหลัก

Brief Record : Get Marc (ISO 2709) : E-mail record : QR code < ปิดหน้าต่าง
LEADER : 00000nam 2200000uu 4500
001    13399111995
003     ULIB
008    110719s2550||||th 000 0 tha d
020    9747503197
024    9789747503197
090    นว.^bส731ร 2550
100 0   สิรินดา&วิลีวิไล
245 00  รักเธอ..Super Model/^cสิรินดา&วิลีวิไล
250     พิมพ์ครั้งที่ 2
260     กรุงเทพฯ :^bแจ่มใส,^c2550
300     231 หน้า
945    ^p169^l0^i021047
995     เกษร
999     ^aใช้งานได้ทุกระบบ
รายการนี้ยังไม่มีแท็ก
คุณยังไม่ได้ล็อกอิน คุณสามารถมีกิจกรรมร่วมกับเว็บไซต์ได้ แต่ต้องล็อกอินก่อน ::
  ล็อกอิน

รายการสื่อสารสนเทศ

ลำดับที่ ประเภท เลขเรียก/บาร์โค้ด สถานที่ สถานะ
1. นวนิยาย
นวนิยาย
นว. ส731ร 2550  
  Barcode: 021047
ห้องสมุดวิทยาเขตสวรรค์ประชารักษ์
►นวนิยาย
บนชั้น
  ขอยืม

BibComment


ยังไม่เคยถูกคอมเมนท์

คอมเมนท์ทรัพยากรรายการนี้
  คอมเมนท์: รักเธอSuper Mode..


 Copyright 2026. Bcnsprnw @Library